Las rocas

Saved in:
Bibliografiske detaljer
Hovedforfatter: Cailleux, André (Author)
Format: Bog
Sprog:spansk
Udgivet: Buenos Aires EUDEBA 1970
Udgivelse:2a. ed
Serier:Cuadernos de EUDEBA, 87
Fag:
Tags: Tilføj Tag
Ingen Tags, Vær først til at tagge denne postø!

MARC

LEADER 00000nam a2200000 a 4500
001 UCU4256
003 CL-VaPUC
008 960517e19700000AG |||||||||||||||||spa|d
082 0 4 |a 552  |b CAI  |2 21 
100 0 |a Cailleux, André  |e author  |9 361785 
245 1 4 |a Las rocas 
250 |a 2a. ed 
300 |a 71 p 
942 |c BK 
945 |d 19960517 00:00:00  |a lriquelm 
260 |a Buenos Aires  |b EUDEBA  |c 1970 
650 0 |a Rocas  |9 266105 
650 7 |a PETROLOGIA  |2 CL-VaPUC  |9 262839 
650 0 |a Minerales   |9 264051 
650 7 |a ROCAS SEDIMENTARIAS  |2 CL-VaPUC  |9 261673 
650 7 |a ROCAS METAMORFICAS  |2 CL-VaPUC  |9 262681 
583 |a last modification  |c 19960517 00:00:00  |k Rodrigo Vera 
490 0 |a Cuadernos de EUDEBA, 87 
999 |c 248038  |d 248036 
952 |0 0  |1 0  |4 0  |6 552_000000000000000_CAI_1970  |7 0  |8 A  |9 264373  |a BIBING  |b BIBING  |d 2019-11-19  |i 1664131  |o 552 CAI 1970  |p 1664131  |r 2025-01-20  |w 2019-11-19  |y BK  |k GEO